| 000 | 00749nam a2200217 a 4500 | ||
|---|---|---|---|
| 005 | 20210223130856.0 | ||
| 008 | 081110s2007 mx r 000 0 spa d | ||
| 020 | _a9707840579 | ||
| 035 | _aUPN01000167789 | ||
| 049 | _aI | ||
| 050 | 4 |
_aGV35 _bM3.3 |
|
| 100 | 1 | _aMatthews Rupert | |
| 245 | 1 | 0 |
_a100 cosas que debes saber sobre gladiadores / _cRupert Matthews ; tr. Héctor Escalona. |
| 260 |
_aMéxico : _bSigno, _cc2007. |
||
| 300 |
_a48 p. : _bil. col. |
||
| 440 | 0 |
_a100 cosas que debes saber sobre .... _pClub de lectores |
|
| 534 |
_pTítulo original: _t100 Things you should know about gladiators |
||
| 650 | 4 |
_aGLADIADORES - _vLITERATURA INFANTIL _911233 |
|
| 651 | 4 |
_aROMA - _xHISTORIA - _vLITERATURA INFANTIL _911374 |
|
| 905 | _aInfantil | ||
| 999 |
_c139900 _d139900 |
||